| 000 | 00473cam a2200145 4500500 | ||
|---|---|---|---|
| 005 | 20251012030455.0 | ||
| 041 | _afre | ||
| 042 | _adc | ||
| 100 | 1 | 0 |
_aBucchi, Déborah _eauthor |
| 245 | 0 | 0 | _aLe nouvel avenir de la religion ? L’enquête d’Émilie Hache |
| 260 | _c2025. | ||
| 500 | _a28 | ||
| 786 | 0 | _nCritique | 941 | 10 | 2025-09-18 | p. 837-848 | 0011-1600 | |
| 856 | 4 | 1 | _uhttps://shs.cairn.info/revue-critique-2025-10-page-837?lang=fr&redirect-ssocas=7080 |
| 999 |
_c1545296 _d1545296 |
||